[Event "Manizales Departamental-ch 2nd"]
[Site "Manizales"]
[Date "2022.07.14"]
[Round "1"]
[White "Munoz Lopez, Sebastian"]
[Black "Hernandez Pinzon, Helvert"]
[Result "0-1"]
[WhiteElo "1352"]
[BlackElo "1869"]
[PlyCount "52"]
[EventDate "2022.07.14"]
[EventType "swiss"]
[EventRounds "7"]
[EventCountry "COL"]
[SourceTitle "EXT 2024"]
[Source "ChessBase"]
[SourceDate "2023.10.10"]
[SourceVersion "1"]
[SourceVersionDate "2023.10.10"]
[SourceQuality "1"]

1. e4 c5 2. Nf3 Nc6 3. d4 cxd4 4. Nxd4 Nf6 5. Nc3 e5 6. Nf3 Bb4 7. Bd2 0-0 8. Bd3 d5 9. exd5 Nxd5 10. Nxd5 Qxd5 11. Qe2 Bxd2+ 12. Qxd2 Be6 13. Qe3 f5 14. 0-0-0 Qxa2 15. Nxe5 Qa1+ 16. Kd2 Qa5+ 17. Kc1 Qxe5 18. Qg5 Qf6 19. Qf4 g5 20. Qa4 Rad8 21. Rhe1 Rd4 22. Qa3 Rfd8 23. Re3 Nb4 24. Rde1 Nxd3+ 25. cxd3 Bf7 26. Kd2 f4 0-1